| 000 -LEADER |
| fixed length control field |
01383cam a2200349 a 4500 |
| 020 ## - INTERNATIONAL STANDARD BOOK NUMBER |
| ISBN |
9780821364789 (World Bank pbk.) |
| 020 ## - INTERNATIONAL STANDARD BOOK NUMBER |
| ISBN |
0821364782 (World Bank pbk.) |
| 020 ## - INTERNATIONAL STANDARD BOOK NUMBER |
| ISBN |
9780821377840 (electronic) |
| 020 ## - INTERNATIONAL STANDARD BOOK NUMBER |
| ISBN |
0821377841 (electronic) |
| 020 ## - INTERNATIONAL STANDARD BOOK NUMBER |
| ISBN |
9780821377857 (World Bank hardback) |
| 020 ## - INTERNATIONAL STANDARD BOOK NUMBER |
| ISBN |
082137785X (World Bank hardback) |
| 020 ## - INTERNATIONAL STANDARD BOOK NUMBER |
| ISBN |
9780804762809 (Stanford University Press hardback) |
| 020 ## - INTERNATIONAL STANDARD BOOK NUMBER |
| ISBN |
0804762805 (Stanford University Press hardback) |
| 020 ## - INTERNATIONAL STANDARD BOOK NUMBER |
| ISBN |
9780804762816 |
| 020 ## - INTERNATIONAL STANDARD BOOK NUMBER |
| ISBN |
0804762813 |
| 040 ## - CATALOGING SOURCE |
| Transcribing agency |
DLC |
| 082 00 - DEWEY DECIMAL CLASSIFICATION NUMBER |
| Classification number |
338 WOR 2009 A015 Or. |
| 100 1# - MAIN ENTRY--AUTHOR NAME |
| Personal name |
Gregory, Neil F. |
| 245 10 - TITLE STATEMENT |
| Title |
New industries from new places : |
| Remainder of title |
the emergence of the software and hardware industries in China and India / |
| 260 ## - PUBLICATION, DISTRIBUTION, ETC. (IMPRINT) |
| Place of publication |
Stanford, Calif. : |
| Name of publisher |
Stanford Economics and Finance/Stanford University Press ; |
| Place of publication |
Washington, D.C. : |
| Name of publisher |
World Bank |
| Year of publication |
c2009. |
| 300 ## - PHYSICAL DESCRIPTION |
| Number of Pages |
xvii, 255 p. : |
| Other physical details |
ill. ; |
| Dimensions |
23 cm. |
| 650 #0 - SUBJECT ADDED ENTRY--TOPICAL TERM |
| Topical Term |
Computer software industry |
| 650 #0 - SUBJECT ADDED ENTRY--TOPICAL TERM |
| Topical Term |
Computer software industry |
| 650 #0 - SUBJECT ADDED ENTRY--TOPICAL TERM |
| Topical Term |
Computer industry |
| 650 #0 - SUBJECT ADDED ENTRY--TOPICAL TERM |
| Topical Term |
Computer industry |
| 700 1# - ADDED ENTRY--PERSONAL NAME |
| Personal name |
Nollen, Stanley D. |
| 700 1# - ADDED ENTRY--PERSONAL NAME |
| Personal name |
Tenev, Stoyan, |
| 856 42 - ELECTRONIC LOCATION AND ACCESS |
| Uniform Resource Identifier |
http://www.loc.gov/catdir/enhancements/fy0913/2008051221-b.html |
| 856 42 - ELECTRONIC LOCATION AND ACCESS |
| Uniform Resource Identifier |
http://www.loc.gov/catdir/enhancements/fy0913/2008051221-d.html |
| 856 42 - ELECTRONIC LOCATION AND ACCESS |
| Uniform Resource Identifier |
http://www.h-net.org/reviews/showrev.php?id=29377 |
| 942 ## - ADDED ENTRY ELEMENTS (KOHA) |
| Koha item type |
សៀវភៅភាសាអង់គ្លេស |
| 952 ## - LOCATION AND ITEM INFORMATION (KOHA) |
| Withdrawn status [LOCAL, KOHA] |
0 |